[Event "3. ODEM U25 2006"]
[Site "Willingen GER"]
[Date "2006.06.10"]
[Round "9"]
[White "Rau, Hannes"]
[Black "Seyb, Alexander"]
[Result "1/2-1/2"]
[Termination "normal"]
[Board "1"]
[WhiteTitle "IM"]
[WhiteElo "2395"]
[BlackElo "2122"]
[PlyCount "130"]
[WhiteFideId "4657594"]
[BlackFideId "4699033"]
[EventCountry "GER"]
[EventRounds "9"]
[EventType "swiss"]
[EventDate "2006.06.03"]

1. d4 Nf6 2. c4 e6 3. Nc3 Bb4 4. e3 c5 5. Bd3 O-O 6. Nf3 d5 7. O-O Nc6 8. a3
Bxc3 9. bxc3 Qc7 10. Bb2 dxc4 11. Bxc4 Rd8 12. Qc2 Na5 13. Ba2 cxd4 14. exd4
Nc4 15. Bc1 b5 16. Bg5 Bb7 17. Bb1 Be4 18. Qe2 Bxb1 19. Rfxb1 Rdb8 20. Bxf6
gxf6 21. Nd2 Nxd2 22. Qxd2 Rc8 23. Qh6 Qxc3 24. Qxf6 Rc4 25. Rd1 Rac8 26. h4
Qc2 27. h5 Qf5 28. Qxf5 exf5 29. d5 Rd8 30. Rab1 a6 31. Rb3 Rd6 32. Rg3+ Kf8
33. Rg5 Rc3 34. Rxf5 Rxa3 35. Rc1 Rd3 36. Rc8+ Kg7 37. Rc7 Rf6 38. h6+ Kg6 39.
Rxf6+ Kxf6 40. Rc6+ Kg5 41. Rxa6 Rxd5 42. g3 f6 43. f4+ Kxh6 44. Rxf6+ Kg7 45.
Rb6 Rd1+ 46. Kf2 Rb1 47. Kf3 h5 48. Re6 Rb3+ 49. Kg2 Rb1 50. Re5 Kg6 51. Rg5+
Kh6 52. Kf3 b4 53. Ke4 Rg1 54. Kd4 Rc1 55. Rb5 Rc3 56. Rxb4 Rxg3 57. Ke5 Ra3
58. Rb6+ Kg7 59. Rb7+ Kf8 60. Kf6 Ra6+ 61. Kg5 Ra5+ 62. f5 Ra6 63. Kxh5 Rc6 64.
Kg5 Ra6 65. f6 Ra1 1/2-1/2

[Event "3. ODEM U25 2006"]
[Site "Willingen GER"]
[Date "2006.06.10"]
[Round "9"]
[White "Daum, Norman"]
[Black "Bissbort, Julian"]
[Result "1-0"]
[Termination "normal"]
[Board "2"]
[WhiteElo "2150"]
[BlackElo "2042"]
[PlyCount "49"]
[WhiteFideId "4690052"]
[BlackFideId "24618144"]
[EventCountry "GER"]
[EventRounds "9"]
[EventType "swiss"]
[EventDate "2006.06.03"]

1. e4 c5 2. Nc3 Nc6 3. f4 g6 4. Nf3 Bg7 5. g3 e6 6. Bg2 Nge7 7. O-O d5 8. e5
Rb8 9. d4 b6 10. Nb5 Nf5 11. g4 Nfxd4 12. Nd6+ Ke7 13. Ng5 Ba6 14. c3 Ne2+ 15.
Kh1 Qc7 16. Bxd5 Nxc1 17. Be4 Bxf1 18. Qxf1 Rbf8 19. Rxc1 h6 20. Nf3 f5 21. Nb5
Qc8 22. Nh4 Nxe5 23. fxe5 fxe4 24. Nxg6+ Kd7 25. Qd1+ 1-0

[Event "3. ODEM U25 2006"]
[Site "Willingen GER"]
[Date "2006.06.10"]
[Round "9"]
[White "Patzer, Stefan"]
[Black "Lantzsch, Christian"]
[Result "1-0"]
[Termination "normal"]
[Board "3"]
[WhiteElo "2033"]
[BlackElo "2210"]
[PlyCount "49"]
[WhiteFideId "24601209"]
[BlackFideId "4659821"]
[EventCountry "GER"]
[EventRounds "9"]
[EventType "swiss"]
[EventDate "2006.06.03"]

1. e3 g6 2. f4 Bg7 3. Nf3 d6 4. Nc3 Nh6 5. Be2 O-O 6. O-O e5 7. d3 exf4 8. exf4
Re8 9. Ne4 c5 10. c3 Nc6 11. h4 d5 12. Ng3 Bg4 13. h5 gxh5 14. f5 h4 15. Bg5
Bf6 16. Bxh6 hxg3 17. Qd2 Kh8 18. Rae1 Rg8 19. Qf4 Qb8 20. Ng5 Bxg5 21. Bxg5
Rxg5 22. Qxg5 Bxe2 23. Rxe2 Qd6 24. f6 Rg8 25. Re8 1-0

[Event "3. ODEM U25 2006"]
[Site "Willingen GER"]
[Date "2006.06.10"]
[Round "9"]
[White "Knickel, Aaron"]
[Black "Nuber, Korbinian"]
[Result "1/2-1/2"]
[Termination "normal"]
[Board "4"]
[WhiteElo "2007"]
[BlackElo "2121"]
[PlyCount "119"]
[WhiteFideId "24605298"]
[BlackFideId "24607231"]
[EventCountry "GER"]
[EventRounds "9"]
[EventType "swiss"]
[EventDate "2006.06.03"]

1. e4 Nf6 2. e5 Nd5 3. d4 d6 4. c4 Nb6 5. exd6 cxd6 6. Nc3 g6 7. Be3 Bg7 8. Rc1
O-O 9. b3 e5 10. dxe5 dxe5 11. Qxd8 Rxd8 12. c5 N6d7 13. Bc4 Nc6 14. Nf3 Na5
15. Bg5 Bf6 16. Bxf6 Nxf6 17. Nxe5 Nxc4 18. Nxc4 Be6 19. Ne3 Rac8 20. b4 a5 21.
a3 axb4 22. axb4 b6 23. cxb6 Rd6 24. O-O Rb8 25. Rb1 Rdxb6 26. b5 Ne8 27. Rb2
Nd6 28. Rfb1 Rc8 29. Ncd5 Rb7 30. b6 Rc6 31. f3 Bxd5 32. Nxd5 Nc8 33. Kf2 Kf8
34. Rb5 Ne7 35. Nxe7 Kxe7 36. R1b2 Kf6 37. Ke3 Rd6 38. f4 Ke6 39. g4 Kf6 40. h4
Ke6 41. Ke4 f6 42. h5 gxh5 43. gxh5 f5+ 44. Rxf5 Rdxb6 45. Rxb6+ Rxb6 46. Rg5
Kf6 47. Rc5 Rb4+ 48. Kf3 Rb7 49. Kg4 Rg7+ 50. Kf3 Ra7 51. Kg4 Rg7+ 52. Rg5 Ra7
53. Rg8 Ra1 54. Rh8 Rg1+ 55. Kf3 Rf1+ 56. Kg3 Rg1+ 57. Kf2 Rg7 58. Kf3 Ra7 59.
h6 Kf5 60. Rf8+ 1/2-1/2

[Event "3. ODEM U25 2006"]
[Site "Willingen GER"]
[Date "2006.06.10"]
[Round "9"]
[White "Rittemann, Steffen"]
[Black "Kyas, Marcel"]
[Result "0-1"]
[Termination "normal"]
[Board "5"]
[WhiteElo "2060"]
[BlackElo "1918"]
[PlyCount "66"]
[WhiteFideId "24620009"]
[BlackFideId "24642037"]
[EventCountry "GER"]
[EventRounds "9"]
[EventType "swiss"]
[EventDate "2006.06.03"]

1. e4 e6 2. d4 d5 3. Nd2 Nf6 4. e5 Nfd7 5. Bd3 c5 6. c3 Nc6 7. Ne2 Qb6 8. Nf3
f6 9. exf6 Nxf6 10. O-O Bd6 11. Re1 O-O 12. Bf4 Bxf4 13. Nxf4 c4 14. Bc2 Qxb2
15. Nxe6 Bxe6 16. Rxe6 Qxc3 17. Rc1 Qa5 18. Ne5 Nd8 19. Bf5 g6 20. Qf3 Nxe6 21.
Bxe6+ Kg7 22. Rb1 b6 23. h4 Rae8 24. Bg4 Qxa2 25. Rf1 Ne4 26. Qe3 Qb3 27. Qc1
Qc3 28. Qd1 Nd2 29. Qa4 Re7 30. Nd7 Nxf1 31. Nxf8 Kxf8 32. Qc6 Qxd4 33. Qf6+
Qxf6 0-1

[Event "3. ODEM U25 2006"]
[Site "Willingen GER"]
[Date "2006.06.10"]
[Round "9"]
[White "Billing, Christian"]
[Black "Zentgraf, Robert"]
[Result "0-1"]
[Termination "normal"]
[Board "6"]
[WhiteElo "2080"]
[BlackElo "2106"]
[PlyCount "90"]
[WhiteFideId "4697294"]
[BlackFideId "4676483"]
[EventCountry "GER"]
[EventRounds "9"]
[EventType "swiss"]
[EventDate "2006.06.03"]

1. e4 c5 2. Nf3 d6 3. d4 cxd4 4. Qxd4 Nc6 5. Bb5 Bd7 6. Bxc6 Bxc6 7. Nc3 Nf6 8.
Bg5 Qb6 9. Qxb6 axb6 10. Nd2 b5 11. f3 b4 12. Ne2 e6 13. Nd4 Be7 14. O-O O-O
15. Rfd1 Ra6 16. Nc4 Rfa8 17. Nxc6 Rxc6 18. Ne3 Rca6 19. f4 h6 20. Bxf6 Bxf6
21. Nc4 Be7 22. Rd3 b5 23. Ne3 Bf6 24. Rb3 Bd4 25. Kf1 Rxa2 26. Rxa2 Rxa2 27.
Nd1 Bc5 28. Ke2 g6 29. Nf2 Kg7 30. Nd3 Ra4 31. e5 Kf8 32. g4 Ke7 33. Kd2 Kd7
34. Nxc5+ dxc5 35. Rh3 c4 36. b3 Ra2 37. Kc1 Ra1+ 38. Kd2 c3+ 39. Kd3 Rd1+ 40.
Ke4 Rd2 41. Rd3+ Ke7 42. Rd4 Rxc2 43. Rxb4 Re2+ 44. Kd3 c2 45. Kxe2 c1=Q 0-1

[Event "3. ODEM U25 2006"]
[Site "Willingen GER"]
[Date "2006.06.10"]
[Round "9"]
[White "Grüner, Sven"]
[Black "Coenen, Michael"]
[Result "0-1"]
[Termination "normal"]
[Board "7"]
[WhiteElo "2107"]
[BlackElo "2109"]
[PlyCount "64"]
[WhiteFideId "4687221"]
[BlackFideId "4697367"]
[EventCountry "GER"]
[EventRounds "9"]
[EventType "swiss"]
[EventDate "2006.06.03"]

1. e4 c5 2. c3 d5 3. exd5 Qxd5 4. d4 Nf6 5. Nf3 Bg4 6. Be2 e6 7. O-O Nc6 8. h3
Bh5 9. Be3 cxd4 10. cxd4 Be7 11. Nc3 Qd7 12. Ne5 Bxe2 13. Qxe2 Nxe5 14. dxe5
Nd5 15. Rac1 O-O 16. Rfd1 Rfd8 17. Qf3 b6 18. Rd3 Qb7 19. Rcd1 Qa6 20. Nxd5
exd5 21. Rxd5 Rxd5 22. Qxd5 Re8 23. Qd7 Kf8 24. Qf5 Kg8 25. Rd7 g6 26. Qd3 Qxd3
27. Rxd3 Rd8 28. Rc3 Rd7 29. Bh6 f6 30. e6 Rd8 31. Rc7 Rd1+ 32. Kh2 Bd6+ 0-1

[Event "3. ODEM U25 2006"]
[Site "Willingen GER"]
[Date "2006.06.10"]
[Round "9"]
[White "Held, Florian"]
[Black "Stuhl, Alexander"]
[Result "1-0"]
[Termination "normal"]
[Board "9"]
[WhiteElo "2016"]
[BlackElo "2115"]
[PlyCount "75"]
[WhiteFideId "24629090"]
[BlackFideId "24601373"]
[EventCountry "GER"]
[EventRounds "9"]
[EventType "swiss"]
[EventDate "2006.06.03"]

1. e4 e5 2. Nf3 Nf6 3. Nxe5 Nc6 4. Nxc6 dxc6 5. d3 Bc5 6. Be2 h5 7. c3 Bb6 8.
Bg5 Qd6 9. Nd2 Ng4 10. Bh4 Qf4 11. Nf3 Be6 12. Bg3 Qh6 13. h3 Nf6 14. Qd2 Qg6
15. Ne5 Qh7 16. O-O O-O-O 17. Qf4 h4 18. Bh2 Nh5 19. Bxh5 Qxh5 20. a4 g5 21.
Qf6 g4 22. a5 Bc5 23. hxg4 Bxg4 24. Nxg4 Qxg4 25. d4 h3 26. Bg3 hxg2 27. Kxg2
Qxe4+ 28. f3 Qc2+ 29. Rf2 Qh7 30. Re2 Rdg8 31. Kf2 Rxg3 32. Kxg3 Qh3+ 33. Kf2
Qh2+ 34. Ke1 Qg3+ 35. Kd2 Rd8 36. Qf5+ Kb8 37. Qxc5 Qxf3 38. Rae1 1-0

[Event "3. ODEM U25 2006"]
[Site "Willingen GER"]
[Date "2006.06.10"]
[Round "9"]
[White "Sonntag, Hermann"]
[Black "Dorn, Matthias"]
[Result "1/2-1/2"]
[Termination "normal"]
[Board "10"]
[WhiteElo "2047"]
[BlackElo "1893"]
[PlyCount "64"]
[WhiteFideId "4695925"]
[BlackFideId "24600695"]
[EventCountry "GER"]
[EventRounds "9"]
[EventType "swiss"]
[EventDate "2006.06.03"]

1. e4 c5 2. Nc3 g6 3. f4 Bg7 4. Nf3 Nc6 5. Bb5 e6 6. O-O Nge7 7. d3 O-O 8. Be3
Nd4 9. Ba4 a6 10. Bxd4 cxd4 11. Ne2 b5 12. Bb3 Qb6 13. Qe1 d6 14. Qh4 Nc6 15.
g4 Na5 16. Ng3 Nxb3 17. axb3 Qd8 18. g5 f5 19. exf5 exf5 20. Ne2 Qb6 21. Qf2
Bb7 22. Nfxd4 Qc5 23. c3 Rfe8 24. Rae1 Qd5 25. Qf3 Bxd4+ 26. Nxd4 Qxd4+ 27.
cxd4 Bxf3 28. Rxe8+ Rxe8 29. Rxf3 Re2 30. Rf2 Rxf2 31. Kxf2 d5 32. Ke3 b4
1/2-1/2

[Event "3. ODEM U25 2006"]
[Site "Willingen GER"]
[Date "2006.06.10"]
[Round "9"]
[White "Schmitt, Philipp"]
[Black "Linsenmeyer, Mario"]
[Result "0-1"]
[Termination "normal"]
[Board "11"]
[WhiteElo "1887"]
[BlackElo "2022"]
[PlyCount "78"]
[WhiteFideId "24641766"]
[BlackFideId "24635138"]
[EventCountry "GER"]
[EventRounds "9"]
[EventType "swiss"]
[EventDate "2006.06.03"]

1. Nf3 c5 2. g3 d5 3. Bg2 Nc6 4. d4 Nf6 5. c4 dxc4 6. Qa4 e6 7. Ne5 Qb6 8.
Bxc6+ bxc6 9. Nxc4 Qa6 10. Qxa6 Bxa6 11. Ne5 cxd4 12. Nd2 Be7 13. Nb3 c5 14.
Bg5 O-O 15. Rc1 h6 16. Bxf6 gxf6 17. Nd7 c4 18. Nxf8 cxb3 19. axb3 Kxf8 20. Ra1
Bb4+ 21. Kf1 Bb7 22. Rg1 Rc8 23. g4 Rc2 24. Rg3 Rxb2 25. Rd3 e5 26. f3 a5 27.
Rdd1 Ba6 28. Rdb1 Rxe2 29. Kg1 d3 30. Rd1 d2 31. h4 Bc3 32. Rab1 Bd3 33. g5
hxg5 34. hxg5 Bxb1 35. Rxb1 Re1+ 36. Kh2 Rxb1 37. b4 d1=Q 38. bxa5 Qxf3 39.
gxf6 Rh1# 0-1

[Event "3. ODEM U25 2006"]
[Site "Willingen GER"]
[Date "2006.06.10"]
[Round "9"]
[White "Stratonowitsch, Andre"]
[Black "Rath, Oliver"]
[Result "1/2-1/2"]
[Termination "normal"]
[Board "12"]
[WhiteElo "1990"]
[BlackElo "1887"]
[PlyCount "82"]
[WhiteFideId "24613959"]
[BlackFideId "24610380"]
[EventCountry "GER"]
[EventRounds "9"]
[EventType "swiss"]
[EventDate "2006.06.03"]

1. e4 c5 2. Nf3 Nc6 3. d4 cxd4 4. Nxd4 Nf6 5. Nc3 d6 6. Be2 a6 7. O-O Bd7 8.
Be3 e6 9. Kh1 Be7 10. f4 e5 11. Nxc6 Bxc6 12. Bf3 Qd7 13. b3 b5 14. Nd5 Bxd5
15. exd5 e4 16. Be2 b4 17. a3 Qf5 18. Bc4 Ng4 19. Bg1 Bf6 20. Ra2 Bh4 21. axb4
e3 22. Be2 Nf2+ 23. Bxf2 Bxf2 24. Rxa6 Rxa6 25. Bxa6 Qxf4 26. b5 O-O 27. Qe2
Rb8 28. Rd1 Qe5 29. h3 f5 30. Rf1 Qxd5 31. b6 Qe5 32. b7 h6 33. Qd3 Kh8 34. Qc4
Kh7 35. Qc8 d5 36. Bd3 g6 37. Qd7+ Qg7 38. Qxd5 Rxb7 39. Qc4 Rc7 40. Qb5 Rb7
41. Qc4 Rc7 1/2-1/2

[Event "3. ODEM U25 2006"]
[Site "Willingen GER"]
[Date "2006.06.10"]
[Round "9"]
[White "Balkan, Levent"]
[Black "Jussupow, Alexander"]
[Result "0-1"]
[Termination "normal"]
[Board "13"]
[WhiteElo "1380"]
[BlackElo "1972"]
[PlyCount "66"]
[BlackFideId "24613509"]
[EventCountry "GER"]
[EventRounds "9"]
[EventType "swiss"]
[EventDate "2006.06.03"]

1. e4 e6 2. d4 d5 3. e5 c5 4. c3 Nc6 5. Nf3 Bd7 6. Be2 f6 7. Bf4 Qb6 8. b3 cxd4
9. cxd4 Bb4+ 10. Kf1 f5 11. Bd2 Nxd4 12. Bxb4 Nxf3 13. Bd6 Ng5 14. Qd2 Ne4 15.
Qf4 g5 16. Bh5+ Kd8 17. Qf3 Bb5+ 18. Kg1 Qd4 19. a4 Qxa1 20. h4 Qxb1+ 21. Kh2
Qd3 22. axb5 Qxf3 23. Bxf3 Nxd6 24. exd6 gxh4 25. Ra1 Nf6 26. b6 a6 27. b4 Kd7
28. Rc1 Rhc8 29. Rb1 Kxd6 30. Bd1 Ne4 31. Rb2 Rc1 32. Ba4 Rac8 33. Kh3 Rh1# 0-1

[Event "3. ODEM U25 2006"]
[Site "Willingen GER"]
[Date "2006.06.10"]
[Round "9"]
[White "Dalakian, Haroutioun"]
[Black "Willems, Sebastian"]
[Result "0-1"]
[Termination "normal"]
[Board "14"]
[WhiteElo "1953"]
[BlackElo "1886"]
[PlyCount "94"]
[WhiteFideId "24632058"]
[EventCountry "GER"]
[EventRounds "9"]
[EventType "swiss"]
[EventDate "2006.06.03"]

1. d4 Nf6 2. Nf3 e6 3. e3 b6 4. Bd3 Bb7 5. O-O Be7 6. Nbd2 d5 7. Ne5 O-O 8. f4
Nbd7 9. b3 Ne4 10. Nxe4 dxe4 11. Nxd7 Qxd7 12. Be2 Bf6 13. Bb2 Rad8 14. g4 g6
15. g5 Bg7 16. Bg4 c5 17. c3 Qc6 18. Rc1 Rd7 19. Rf2 Rfd8 20. Rd2 a5 21. h4 Ba6
22. h5 Bd3 23. Be2 Bxe2 24. Qxe2 a4 25. hxg6 hxg6 26. b4 a3 27. Bxa3 Ra8 28. b5
Qc8 29. Bb2 Rxa2 30. Qc4 Qa8 31. Rcd1 cxd4 32. cxd4 Qd5 33. Qc8+ Rd8 34. Qc7
Qd6 35. Qc4 Qd5 36. Qc7 Rda8 37. Qxb6 Qb3 38. Qc6 Qxe3+ 39. Kg2 Qf3+ 40. Kg1
Qxf4 41. b6 Qxg5+ 42. Kf1 Qf5+ 43. Rf2 Qh5 44. Rfd2 Qh1+ 45. Ke2 Qf3+ 46. Ke1
Bf6 47. Rd3 Bh4+ 0-1

[Event "3. ODEM U25 2006"]
[Site "Willingen GER"]
[Date "2006.06.10"]
[Round "9"]
[White "Klebanov, Andrej"]
[Black "Stotyn, Fabian"]
[Result "0-1"]
[Termination "normal"]
[Board "15"]
[WhiteElo "1758"]
[BlackElo "2129"]
[PlyCount "50"]
[WhiteFideId "24669989"]
[BlackFideId "24611646"]
[EventCountry "GER"]
[EventRounds "9"]
[EventType "swiss"]
[EventDate "2006.06.03"]

1. d4 d5 2. c4 c6 3. cxd5 cxd5 4. Nc3 Nf6 5. Nf3 g6 6. Bf4 a6 7. e3 Bg7 8. Bd3
O-O 9. h4 Nc6 10. a3 b5 11. b4 Bg4 12. Qc2 Rc8 13. Qd2 Nh5 14. Ne5 Nxf4 15.
exf4 Nxd4 16. Bxg6 Nb3 17. Bxh7+ Kh8 18. Qd3 Nxa1 19. f3 Be6 20. h5 Qc7 21. Ne2
Bxe5 22. fxe5 Qc4 23. Qd2 Kxh7 24. g4 Qc2 25. Nf4 Qc1+ 0-1

[Event "3. ODEM U25 2006"]
[Site "Willingen GER"]
[Date "2006.06.10"]
[Round "9"]
[White "Schneider, Christian"]
[Black "Huhnstock, Rico"]
[Result "1-0"]
[Termination "normal"]
[Board "16"]
[WhiteElo "2039"]
[BlackElo "1795"]
[PlyCount "53"]
[WhiteFideId "24613886"]
[BlackFideId "24642932"]
[EventCountry "GER"]
[EventRounds "9"]
[EventType "swiss"]
[EventDate "2006.06.03"]

1. Nc3 Nf6 2. e4 d6 3. f4 g6 4. Nf3 Bg7 5. d4 O-O 6. Bc4 e6 7. Bb3 d5 8. e5
Nfd7 9. Be3 b6 10. Ne2 Ba6 11. c3 c5 12. O-O Nc6 13. g4 cxd4 14. cxd4 f5 15.
gxf5 gxf5 16. Kh1 Kh8 17. Rg1 Na5 18. Bc2 Rc8 19. b3 Qe8 20. Ng3 Nc6 21. a3 Rg8
22. Ng5 h6 23. Nf3 Qe7 24. Bf2 Kh7 25. Nh4 Bf8 26. Ngxf5 exf5 27. Nxf5 1-0

[Event "3. ODEM U25 2006"]
[Site "Willingen GER"]
[Date "2006.06.10"]
[Round "9"]
[White "Kling, Felix"]
[Black "Albers, Damian"]
[Result "1/2-1/2"]
[Termination "normal"]
[Board "17"]
[WhiteElo "1684"]
[BlackElo "1978"]
[PlyCount "118"]
[BlackFideId "4695186"]
[EventCountry "GER"]
[EventRounds "9"]
[EventType "swiss"]
[EventDate "2006.06.03"]

1. d4 d5 2. Nf3 Nf6 3. e3 Bg4 4. c4 c6 5. Qb3 Qb6 6. Ne5 Be6 7. c5 Qc7 8. Qc2
Nbd7 9. f4 Nxe5 10. fxe5 Nd7 11. Bd3 g6 12. O-O Bg7 13. Bd2 O-O 14. Be1 f6 15.
exf6 Nxf6 16. Bg3 Qd7 17. h3 Nh5 18. Rxf8+ Rxf8 19. Bf2 Bf5 20. Bxf5 Qxf5 21.
Qxf5 gxf5 22. Nd2 e5 23. dxe5 Bxe5 24. Nf3 Re8 25. Rb1 f4 26. exf4 Bxf4 27. Re1
Rxe1+ 28. Nxe1 Be5 29. Nd3 Bc7 30. Be3 Kf7 31. Kf2 Ke6 32. Kf3 Nf6 33. Bf4 Bxf4
34. Kxf4 d4 35. g4 Kd5 36. b3 Nd7 37. h4 Nxc5 38. Nxc5 Kxc5 39. Ke4 d3 40. Kxd3
Kd5 41. a4 Ke5 42. Ke3 c5 43. h5 h6 44. Kf3 b6 45. g5 hxg5 46. h6 Kf6 47. h7
Kg7 48. Kg4 Kxh7 49. Kxg5 Kg7 50. Kf5 Kf7 51. Ke5 Ke7 52. Kd5 Kd7 53. a5 Kc7
54. axb6+ Kxb6 55. Kc4 a5 56. Kc3 Kb5 57. Kc2 Kc6 58. Kc3 Kd5 59. Kd3 Kc6
1/2-1/2

[Event "3. ODEM U25 2006"]
[Site "Willingen GER"]
[Date "2006.06.10"]
[Round "9"]
[White "Koksch, Florian"]
[Black "Srokovskiy, Alexander"]
[Result "1/2-1/2"]
[Termination "normal"]
[Board "18"]
[WhiteElo "1847"]
[BlackElo "1493"]
[PlyCount "34"]
[WhiteFideId "24613584"]
[BlackFideId "24676330"]
[EventCountry "GER"]
[EventRounds "9"]
[EventType "swiss"]
[EventDate "2006.06.03"]

1. e4 d5 2. exd5 Qxd5 3. Nc3 Qa5 4. Bc4 Nf6 5. d3 c6 6. Bd2 g6 7. Nd5 Qd8 8.
Nxf6+ exf6 9. Qe2+ Be7 10. Bh6 Nd7 11. d4 Nb6 12. Bb3 Qxd4 13. Nf3 Qxb2 14. O-O
Nd5 15. Rab1 Qc3 16. Bxd5 cxd5 17. Rfe1 Qc7 1/2-1/2

[Event "3. ODEM U25 2006"]
[Site "Willingen GER"]
[Date "2006.06.10"]
[Round "9"]
[White "Onasch, Paul"]
[Black "Wisheckel, Florian"]
[Result "1-0"]
[Termination "normal"]
[Board "19"]
[WhiteElo "1798"]
[BlackElo "1482"]
[PlyCount "103"]
[WhiteFideId "24647896"]
[BlackFideId "24678090"]
[EventCountry "GER"]
[EventRounds "9"]
[EventType "swiss"]
[EventDate "2006.06.03"]

1. d4 d5 2. Nf3 Nf6 3. e3 e6 4. Bd3 Bd6 5. O-O O-O 6. Nbd2 b6 7. e4 dxe4 8.
Nxe4 Bb7 9. Nxf6+ Qxf6 10. Bg5 Bxf3 11. Qd2 Bf4 12. Qxf4 Qxf4 13. Bxf4 Bb7 14.
Bxc7 Nc6 15. c3 Rac8 16. Bf4 Rfd8 17. Rad1 h6 18. Rfe1 Rd7 19. Re2 Rcd8 20.
Rde1 Nxd4 21. cxd4 Rxd4 22. Bc7 R8d7 23. Bxb6 axb6 24. Bb5 R7d5 25. a4 Rg5 26.
g3 Rh5 27. Rc2 Rdd5 28. Rc7 Rxb5 29. axb5 Bf3 30. Rc3 Bd5 31. f4 Kf8 32. Ra1
Be4 33. Re3 Bb7 34. Ra7 Bd5 35. b3 g5 36. fxg5 Rxg5 37. Ra6 Rg4 38. Rxb6 Rb4
39. Rb8+ Ke7 40. Rc3 Bxb3 41. Rc7+ Kf6 42. b6 Bd5 43. Rc2 e5 44. Kf2 Rb3 45.
Rd2 Ke6 46. Rd8 Bb7 47. R8d6+ Kf5 48. Rc2 e4 49. Rc5+ Kg4 50. h3+ Kxh3 51.
Rxh6+ Kg4 52. Rh4# 1-0

[Event "3. ODEM U25 2006"]
[Site "Willingen GER"]
[Date "2006.06.10"]
[Round "9"]
[White "Szczap, Arthur"]
[Black "Geshnizjani, Ramin"]
[Result "1-0"]
[Termination "normal"]
[Board "20"]
[WhiteElo "1631"]
[BlackElo "2035"]
[PlyCount "93"]
[WhiteFideId "24637394"]
[BlackFideId "24633089"]
[EventCountry "GER"]
[EventRounds "9"]
[EventType "swiss"]
[EventDate "2006.06.03"]

1. e4 c5 2. Nf3 Nc6 3. d4 cxd4 4. Nxd4 Nf6 5. Nc3 e5 6. Ndb5 d6 7. f3 a6 8. Na3
b5 9. Nd5 Be7 10. Nxe7 Nxe7 11. Bg5 Bb7 12. Bxf6 gxf6 13. Qd2 d5 14. Qh6 Qb6
15. exd5 Nf5 16. Qd2 Qe3+ 17. Qxe3 Nxe3 18. Kf2 Nxd5 19. c4 bxc4 20. Nxc4 Ke7
21. Bd3 Rac8 22. Ne3 Nxe3 23. Kxe3 Rc7 24. Rac1 Rhc8 25. Rxc7+ Rxc7 26. Bxh7
Bd5 27. a3 a5 28. Rd1 Be6 29. g4 Rc8 30. Bd3 Rh8 31. Rh1 Rb8 32. h4 Kf8 33. Rh2
Kg7 34. h5 Kh6 35. Rc2 Rb3 36. Ke2 Rb6 37. Kf2 Rd6 38. Be4 Rb6 39. Kg3 Rb3 40.
Kh4 Rb5 41. Bc6 Rb6 42. Be8 Rb8 43. Ba4 Rd8 44. Rc3 Rd4 45. Bb3 Bd7 46. Bxf7 f5
47. Rc4 1-0

[Event "3. ODEM U25 2006"]
[Site "Willingen GER"]
[Date "2006.06.10"]
[Round "9"]
[White "Müller, Alexander"]
[Black "Yin, Zixiao"]
[Result "0-1"]
[Termination "normal"]
[Board "21"]
[WhiteElo "1469"]
[BlackElo "1898"]
[PlyCount "120"]
[WhiteFideId "4624696"]
[BlackFideId "24622729"]
[EventCountry "GER"]
[EventRounds "9"]
[EventType "swiss"]
[EventDate "2006.06.03"]

1. e4 g6 2. d4 c6 3. Nc3 d6 4. Nf3 Bg7 5. h3 Nf6 6. Be3 Nbd7 7. Bd3 b5 8. b4
O-O 9. O-O a5 10. a3 Ne8 11. Rb1 Nc7 12. Ne2 axb4 13. axb4 f5 14. c3 d5 15. e5
Ne6 16. Ng5 Nxg5 17. Bxg5 h6 18. Be3 Nb6 19. Qd2 Kh7 20. Ra1 Be6 21. f4 Nc4 22.
Bxc4 dxc4 23. Qb2 Qc7 24. Rxa8 Rxa8 25. Ra1 Qb7 26. Nc1 Bd5 27. Rxa8 Qxa8 28.
Qa2 Qa4 29. Qxa4 bxa4 30. Kf2 a3 31. g3 Be4 32. Na2 Bb1 33. Bc1 Bxa2 34. Bxa3
e6 35. h4 Bb1 36. Ke3 Be4 37. g4 g5 38. hxg5 hxg5 39. fxg5 Kg6 40. gxf5+ exf5
41. Kf4 Bf8 42. Bb2 Be7 43. Kg3 Bxg5 44. Kf2 f4 45. Bc1 Bh4+ 46. Kg1 Kf5 47.
Bd2 f3 48. Be3 Be1 49. Kf1 Bxc3 50. Bf2 Bxb4 51. Be3 c3 52. Bc1 c2 53. Kf2 c5
54. dxc5 Bxc5+ 55. Kf1 f2 56. Bd2 Bd3+ 57. Kg2 f1=Q+ 58. Kg3 Be4 59. Bc1 Qg2+
60. Kh4 Qh2# 0-1

[Event "3. ODEM U25 2006"]
[Site "Willingen GER"]
[Date "2006.06.10"]
[Round "9"]
[White "Jorczik, Andreas"]
[Black "Armbrust, Matthias"]
[Result "1/2-1/2"]
[Termination "normal"]
[Board "22"]
[WhiteElo "1867"]
[BlackElo "1739"]
[PlyCount "98"]
[WhiteFideId "24634921"]
[EventCountry "GER"]
[EventRounds "9"]
[EventType "swiss"]
[EventDate "2006.06.03"]

1. d4 d5 2. c4 dxc4 3. e4 Nf6 4. Nc3 e6 5. Bxc4 Bb4 6. Bg5 h6 7. Bxf6 Qxf6 8.
a3 Bxc3+ 9. bxc3 Nc6 10. Qd2 O-O 11. f4 Bd7 12. Nf3 Na5 13. Ba2 Qe7 14. O-O
Rfd8 15. c4 Nc6 16. d5 exd5 17. exd5 Bg4 18. Qc3 Qc5+ 19. Kh1 Rxd5 20. Rad1
Rxd1 21. Rxd1 Bxf3 22. Qxf3 Rd8 23. Rxd8+ Nxd8 24. Qe2 Kf8 25. Qb2 h5 26. Qd2
Qd6 27. Qxd6+ cxd6 28. g3 a5 29. Kg2 Ne6 30. Bb1 Ke7 31. Be4 Nc7 32. Bxb7 Ke6
33. Kf3 d5 34. cxd5+ Nxd5 35. Ke4 Nb6 36. h3 f6 37. Bc6 g5 38. fxg5 fxg5 39.
Be8 h4 40. gxh4 gxh4 41. Kf4 a4 42. Kg4 Kf6 43. Kxh4 Kg7 44. Kg5 Nc4 45. Bxa4
Nxa3 46. h4 Nc4 47. h5 Ne5 48. Be8 Nf7+ 49. Bxf7 Kxf7 1/2-1/2

[Event "3. ODEM U25 2006"]
[Site "Willingen GER"]
[Date "2006.06.10"]
[Round "9"]
[White "Elser, Niklas"]
[Black "Schmalz, David"]
[Result "1/2-1/2"]
[Termination "normal"]
[Board "23"]
[WhiteElo "1709"]
[BlackElo "1809"]
[PlyCount "112"]
[WhiteFideId "24634573"]
[BlackFideId "4642228"]
[EventCountry "GER"]
[EventRounds "9"]
[EventType "swiss"]
[EventDate "2006.06.03"]

1. e4 c5 2. Nf3 e6 3. d4 cxd4 4. Nxd4 Nf6 5. Bd3 Nc6 6. Nb3 Be7 7. Nc3 d5 8.
exd5 Nxd5 9. Nxd5 Qxd5 10. Qe2 Bf6 11. Be4 Qd6 12. c3 b6 13. Bf4 e5 14. Rd1 Qc7
15. Bxe5 Bxe5 16. Bxc6+ Qxc6 17. Qxe5+ Qe6 18. Qxe6+ Bxe6 19. O-O O-O 20. Rd4
Rad8 21. Rfd1 Rc8 22. Rd6 Rfe8 23. h3 Rc7 24. Rd8 Kf8 25. Rxe8+ Kxe8 26. f4 g6
27. Kf2 h5 28. Rd4 Ke7 29. Nc1 Kf6 30. a3 b5 31. Nd3 Bc4 32. Ne5 Be6 33. h4 Ke7
34. Kf3 Bb3 35. g4 hxg4+ 36. Kxg4 Be6+ 37. Kg3 Kf6 38. Rd8 Ke7 39. Rb8 a6 40.
Rb6 Bc8 41. Rc6 Rxc6 42. Nxc6+ Kd6 43. Ne5 Be6 44. Kf3 Kc5 45. Ke3 Kd5 46. Nf3
Kc4 47. Nd4 a5 48. Nxe6 fxe6 49. Kd2 Kb3 50. Kc1 a4 51. Kb1 Kc4 52. Kc2 Kd5 53.
Kd3 Kc5 54. Ke3 Kc4 55. Kd2 Kb3 56. Kc1 Kc4 1/2-1/2